01330nam a22002897a 45000050016000000080041000160100015000570200026000720350013000980370013001110400013001240420008001370820020001451000027001652450127001922600039003192700078003583000024004365000051004605050327005116500040008386500029008786510046009076510042009537000029009957000016010242011112204404.0111122t xxu||||| |||| 00| 0 eng d aENG-104160 a9788132106517c795.00 aEN-87693 bDBAD/PUB aDPLbEng apcc00a330.95405322231 aKishore, Adarshd1946-14aThe global economic crisis through an indian looking glass /cby Adarsh Kishore, Michael Debabrata Patra [and] Partha Ray aNew DelhibSAGE Publicationsc2011 aB1/I-1 Mohan Cooperative Industrial Area Mathura bRoadbNew Delhie110044 axx,318p.c23cm (Hb) aIncludes bibliographical references and index.0 aIntroduction -- Origin of the crisis -- Proximate causes of the crisis -- Impact of the crisis -- Impact on India -- The policy response -- Lessons from the crisis and the way forward -- Annexure I: causes of the financial crisis -- Annexure II: the global financial crisis : a chronology of major events (2007-July 2010). 0aGlobal Financial Crisis, 2008-2009. 0aFinancial criseszIndia. 0aIndiaxEconomic conditionsy21st century. 0aIndiaxEconomic policyy21st century.1 aPatra, Michael Debabrata1 aRay, Partha